| 000 | 00385nam a22001697a 4500 | ||
|---|---|---|---|
| 003 | OSt | ||
| 005 | 20220222092651.0 | ||
| 008 | 220222b |||||||| |||| 00| 0 eng d | ||
| 020 | _a1556235445 | ||
| 040 | _cHU | ||
| 082 | _a658 | ||
| 100 |
_aHUNT DANIEL _931110 |
||
| 245 | _aMANAGING FOR QUALITY | ||
| 260 |
_aADDIS ABEBA _bETHIOPIA _c1993 |
||
| 300 | _a290 | ||
| 942 |
_2ddc _cBOOKS _n0 |
||
| 999 |
_c31147 _d31147 |
||